Wszystkie rośliny z Wiedźmin 3 - Statystyki

Ogólne statystyki
  • Ten quiz został rozwiązany 2 razy
  • Średni wynik to 3 z 35
Statystyki odpowiedzi
Odpowiedź % Poprawnych
Jaskółcze ziele
100%
Mandragora
50%
Płatki białego mirtu
50%
Szakłak
50%
Werbena
50%
Arenaria
0%
Dmuchawiec
0%
Jemioła
0%
Kapryfolium
0%
Kortinarus
0%
Korzeń dwugrotu
0%
Korzeń pimentu
0%
Liście blekotu
0%
Mysichwost
0%
Niezmiar
0%
Nostrix
0%
Owoce balissy
0%
Owoce berberki
0%
Płatki ginatii
0%
Płatki zimejki
0%
Przestęp
0%
Purchawka
0%
Ranog
0%
Rogatek
0%
Siężygron
0%
Skorocel
0%
Stawikrew
0%
Szyszki chmielu
0%
Szytnaćce
0%
Tojad
0%
Trawa żubrowa
0%
Włókna han
0%
Wronie oko
0%
Ziarna sporyszu
0%
Zielona pleśń
0%
Nie znaleziono quizów pasujących do podanych kryteriów
Rozkład punktacji
Procent ludzi z każdym wynikiem
Percentyl według liczby udzielonych odpowiedzi
Twoja historia wyników
Nie rozwiązałeś tego quizu